|
|
|
|
| LEADER |
00829nam a2200193 a 4500 |
| 001 |
GR-MES351 |
| 008 |
991111s1981 gr 000 b eng d |
| 020 |
|
|
|a 0852381131
|
| 040 |
|
|
|a GrPaTEI
|b gre
|c GR-PaULI
|
| 245 |
0 |
0 |
|a Seine fishing :
|b Botton fishing with rope wards and wing trawls, incorporating the seine net-its origin, evolution and use.
|
| 260 |
|
|
|a England :
|b Fishing News Books,
|c 1981
|
| 300 |
|
|
|a xvi, 208σελ. :
|b εικ.
|
| 504 |
|
|
|a Βιβλιογραφία: σελ.199-201
|
| 700 |
1 |
|
|a Thomson, David B.
|
| 710 |
0 |
|
|a Fishing News Books
|
| 942 |
|
|
|2 ddc
|
| 952 |
|
|
|0 0
|1 0
|2 ddc
|4 0
|6 639_220000000000000_THO
|7 0
|9 263565
|a MSLG
|b MSLG
|c BSC
|d 2021-01-17
|e 24
|f 0
|g 0.00
|l 0
|o 639.22 THO
|p 2420000003750
|r 2021-01-17 00:00:00
|t 1
|w 2021-01-17
|y BK15
|x 19991111 0 1
|x GrPaTEI
|
| 971 |
|
|
|a .b25713929
|b 15-04-20
|c 13-09-16
|
| 999 |
|
|
|c 151733
|d 151733
|